Normal view
MARC view
- Orleans, Joseph Barnet
Entry Personal Name
001 - CONTROL NUMBER
- control field: 39031
003 - CONTROL NUMBER IDENTIFIER
- control field: NUST
005 - DATE AND TIME OF LATEST TRANSACTION
- control field: 20210314131327.0
008 - FIXED-LENGTH DATA ELEMENTS
- fixed length control field: 210314|| aca||aabn | a|a d
040 ## - CATALOGING SOURCE
- Original cataloging agency: NUST
- Transcribing agency: NUST
100 ## - HEADING--PERSONAL NAME
- Personal name: Orleans, Joseph Barnet
670 ## - SOURCE DATA FOUND
- Source citation: Work cat.: (NUST): Cooke, Nelson Magor. 39029, Mathematics essential to electricity and radio, including principles of direct-current and alternating-current circuits,, [1943]
